000 00699cam a2200217 a 4500
001 13070913
005 20180918040556.0
008 030128s2004 mau 001 0 eng
010 _a 2003040746
020 _a0838407153
040 _aDLC
_cDLC
_dDLC
041 _aeng
080 _a808.042 MUR
082 0 0 _a808.042 MUR
_221
100 1 _a25
101 _aEDU
245 1 4 _aThe craft of revision /
_cDonald M. Murray.
906 _a7
_bcbc
_corignew
_d1
_eocip
_f20
_gy-gencatlg
942 _2ddc
_cBK
999 _c47879
_d47879